Application of Compressive Sensing for Efficient Spectrum Sensing and Detection Using Cognitive Radio / (Record no. 540940)
[ view plain ]
| 000 -LEADER | |
|---|---|
| fixed length control field | 00491nam a22001577a 4500 |
| 003 - CONTROL NUMBER IDENTIFIER | |
| control field | NUST |
| 038 ## - RECORD CONTENT LICENSOR | |
| Staff Name | Saima |
| 082 ## - DEWEY DECIMAL CLASSIFICATION NUMBER | |
| Classification number | 621.3 |
| 100 ## - MAIN ENTRY--PERSONAL NAME | |
| Personal name | Iqbal, Nadia |
| 9 (RLIN) | 35246 |
| 245 ## - TITLE STATEMENT | |
| Title | Application of Compressive Sensing for Efficient Spectrum Sensing and Detection Using Cognitive Radio / |
| 260 ## - PUBLICATION, DISTRIBUTION, ETC. | |
| Place of publication, distribution, etc. | Islamabad : |
| Name of publisher, distributor, etc. | MCS |
| Date of publication, distribution, etc. | 2014 |
| 300 ## - PHYSICAL DESCRIPTION | |
| Extent | 84 p. ; |
| Dimensions | 30cm. |
| 650 ## - SUBJECT ADDED ENTRY--TOPICAL TERM | |
| Topical term or geographic name entry element | Electrical Engineering-Application of Compressive Sensing |
| 9 (RLIN) | 35247 |
| 700 ## - ADDED ENTRY--PERSONAL NAME | |
| Personal name | Dr. Abdul Ghafoor |
| 9 (RLIN) | 16207 |
| 942 ## - ADDED ENTRY ELEMENTS (KOHA) | |
| Source of classification or shelving scheme | |
| Koha item type | Thesis |
| Withdrawn status | Lost status | Source of classification or shelving scheme | Damaged status | Not for loan | Permanent Location | Current Location | Date acquired | Total Checkouts | Full call number | Barcode | Date last seen | Price effective from | Koha item type |
|---|---|---|---|---|---|---|---|---|---|---|---|---|---|
| Central Library (CL) | Central Library (CL) | 11/12/2020 | 621.3 | CL-T-1165 | 11/12/2020 | 11/12/2020 | Thesis |
